Ruská federácia ako strategický obchodný partner EÚ bakalárska práca

Guardado en:
Detalles Bibliográficos
Autor principal: Hausová, Michaela
Autor Corporativo: Obchodná fakulta EU. Katedra medzinárodného obchodu
Otros Autores: Kašťáková, Elena, 1974-
Formato: Libro
Lenguaje:eslovaco
Publicado: Bratislava 2013
Etiquetas: Agregar Etiqueta
Sin Etiquetas, Sea el primero en etiquetar este registro!

MARC

LEADER 00000nbm a2200000 4500
001 0171239
005 20161109112025.2
041 0 |a slo 
044 |a SK 
245 1 0 |a Ruská federácia ako strategický obchodný partner EÚ  |b bakalárska práca  |c Michaela Hausová ; školiteľ: Elena Kašťáková 
264 1 |a Bratislava  |c 2013 
300 |a 64 s. 
100 1 |a Hausová, Michaela 
700 1 |a Kašťáková, Elena, 1974- 
710 2 |a Obchodná fakulta EU. Katedra medzinárodného obchodu